Statistics for the ultimate miranda sings quiz

Click here to take the quiz!

General Stats

  • This quiz has been taken 20 times
  • The average score is 7 of 10

Answer Stats

questionAnswer% Correct
what is he netflix series calledhaters back off
100%
what colour is miandas lipstickred
100%
how many books has she written2
94%
who is the real person who does mirandacolleen ballinger
94%
what year did miranda post he first video2009
82%
are you a haterno
82%
how old was colleen when she started the miranda sings channel22
76%
what year did she move in to her house2015
71%
what does miranda call her babypinto bean
35%
what did miranda call her thankgiving songhappy thanksgiving song
6%

Score Distribution

Percentile by Number Answered

Percent of People with Each Score

Your Score History

You have not taken this quiz